00985nam a2200253 i 4500001000700000003000900007005001700016007000300033008004100036080001500077100003000092245018800122260004000310300002800350490003300378500002900411650002900440700002200469700002500491830004100516852003300557999001900590952012200609105865ES-MaACL20250727062606.0t|060905s1948 fr ||||1| fre d a330.84/.861 aMacDonald, Dwight.97510710aPartir de l'homme... (the root es man) b: examen critique des fondements de l'action socialiste / cDwight MacDonald ; traduit de l'anglais par J. Moreau ; préface de G. Gortély. aParis : bRené Lefeuvre, c[1948] aXVII, 141 p. ; c19 cm.1 aSpartacus. 2e. série ; v7 aBiblioteca Juan Andrade.17aSocialismo2embne9171471 aMoreau, J.9832091 aGortély, G.9592350 aSpartacus. 2e. série ; v79185113 aES-MaACLjAND-702 bR.109998 c105865d105865 00104070aATENEOMbATENEOMcDEPO2d2008-01-17eSCl0oAND-702p1110524r2023-02-23 00:00:00w2023-02-23yMONOGRAFIA